[Event "Galatasaray Blitz Chess Tournament"]
[Site "Istanbul"]
[Date "2019.03.24"]
[Round "1.1"]
[White "Gulbas, Cemil"]
[Black "Gokerkan, Cem Kaan"]
[Result "1-0"]
[WhiteElo "2404"]
[BlackElo "2419"]
[Annotator "TA"]
[PlyCount "73"]
[EventDate "2019.03.24"]
[EventType "swiss"]
[EventCountry "TUR"]
[SourceTitle "playchess.com"]
[Source "ChessBase"]
[SourceQuality "1"]

{[%evp 18,72,8,0,20,0,27,0,0,-15,-8,-23,0,0,67,61,70,-20,126,117,105,95,120,119,190,205,192,198,190,37,56,0,174,120,230,244,215,61,545,535,507,527,999,960,29990,29991,29993,2283,29993,29987,29986,29987,29997,29998,29998,647,29999]} 1. e4 c5 2. Nf3 d6 3. d4 cxd4 4. Nxd4 Nf6 5. Nc3 a6 6. Be3 e5 7. Nb3 Be6 8. Qd2 Nbd7 9. O-O-O b5 10. f3 h5 {B90: Sicilian Najdorf: Unusual White 6th moves, 6 Be3 Ng4 and 6 Be3 e5} 11. g3 (11. Kb1 Rc8 12. g3 Be7 13. Nd5 Nxd5 14. exd5 Bf5 15. Bd3 Bxd3 16. Qxd3 O-O 17. Rhg1 f5 18. h3 {1-0 (47) Aronian,L (2767)-Vachier Lagrave,M (2779) Saint Louis 2018}) 11... Rc8 12. h3 Be7 {The position is equal.} 13. Kb1 Nb6 14. Bd3 $146 ({Predecessor:} 14. Na5 Qc7 15. Rg1 Nbd7 16. Nb3 b4 17. Nd5 Bxd5 18. exd5 {1-0 (54) Kamara,A (1910)-Blijstra,W (2211) Batumi 2018}) 14... Nc4 15. Bxc4 Rxc4 (15... bxc4 $11 16. Nc1 O-O) 16. g4 $14 Qc7 17. g5 (17. Nd5 $14 Nxd5 18. exd5) 17... Nd7 (17... b4 $1 $11 18. gxf6 bxc3 19. fxg7 Rg8 20. bxc3 Rxg7) 18. Nd5 $1 $16 {[%cal Rd5c7]} Bxd5 19. exd5 Ra4 20. f4 exf4 (20... Bd8 $16) 21. Bxf4 $18 O-O 22. Rhe1 $1 {[%cal Re1e7]} Nb6 23. Qh2 $2 ({Only move:} 23. Nd4 $1 $18) 23... Rc8 $14 24. Bc1 (24. Qf2 $14) 24... a5 $2 (24... g6 $11 {and Black is okay.}) 25. Qe2 ({White should play} 25. Nd4 $18) 25... Bf8 (25... g6 $16 {was worth a try.}) 26. g6 $1 $18 fxg6 27. Nd4 $2 (27. Qg2 $1 $18) 27... Qc4 $2 {[%mdl 8192] [#]} ({Better is} 27... Nxd5 $14 28. Ne6 (28. Nxb5 Qc5 $11) (28. Qe6+ Qf7 $11) 28... Qc6) 28. Qe6+ $1 Kh7 {[%csl Ga4][%cal Rc4a2]} 29. b3 {[%mdl 64] Double Attack} Qb4 30. Rg1 Nc4 31. Qxg6+ Kg8 32. Nf5 (32. Qe6+ $142 Kh8 33. Qxc8 {[%mdl 64] Double Attack} Kh7 34. Qxf8 Na3+ 35. Bxa3 Qxd4 36. Rxd4 g6 37. Rxa4 g5 {[#]} 38. Rxg5 $1 {[%mdl 512]} bxa4 39. Qg7#) 32... Rc7 33. Qxh5 Na3+ 34. Bxa3 Qxa3 35. Nh6+ Kh7 36. Ng4+ Kg8 37. Nf6# {Accuracy: White = 44%, Black = 29%.} 1-0

[Event "Galatasaray Blitz Chess Tournament"]
[Site "Istanbul"]
[Date "2019.03.24"]
[Round "1.2"]
[White "Tuncer, Tuna"]
[Black "Ozturk, Kubra"]
[Result "1-0"]
[WhiteElo "2371"]
[BlackElo "2344"]
[Annotator "TA"]
[PlyCount "87"]
[EventDate "2019.03.24"]
[EventType "swiss"]
[EventCountry "TUR"]
[SourceTitle "playchess.com"]
[Source "ChessBase"]
[SourceQuality "1"]

{[%evp 11,87,-4,-6,-6,31,20,22,4,37,36,70,11,17,25,106,110,117,145,122,73,56,61,75,25,15,0,-11,-33,24,17,19,11,28,-42,-27,-40,-28,-23,-14,-78,0,-43,0,-21,-4,-117,-72,-59,-32,-95,0,-52,27,16,31,16,144,141,127,0,35,0,0,0,27,34,1147,1114,4894,4188,5695,5210,29994,29995,29995,29986,29995,1096]} 1. e4 e5 2. Nf3 Nc6 3. d4 exd4 4. Nxd4 Bc5 5. Nb3 Bb6 6. Nc3 Nf6 7. Qe2 {C45: Scotch Game} d6 (7... O-O 8. Bg5 Nd4 9. Qd2 Nxb3 10. axb3 h6 11. Be3 Bxe3 12. Qxe3 d5 13. O-O-O c6 14. exd5 cxd5 {1-0 (40) Amin,B (2686)-Safarli,E (2676) Hoogeveen 2018}) 8. Bg5 h6 9. Bh4 {The position is equal.} O-O 10. O-O-O a5 {[%cal Ba7a5,Ba5a4,Ba4a3][%mdl 32]} 11. Bxf6 $146 ({White should play} 11. Nd5 $14) ({Predecessor:} 11. a4 Be6 12. h3 Ne5 13. f4 Ng6 14. Bg3 Bxb3 15. cxb3 {0-1 (53) Barbot,P (2225)-Marholev,D (2372) Sautron 2011}) 11... Qxf6 $11 12. Nd5 Qg5+ (12... Qxf2 $11 13. Qxf2 Bxf2) 13. f4 $16 Qg6 {[#]} 14. f5 $1 {[%cal Rf5g6]} Qg5+ 15. Kb1 a4 16. Nd2 a3 $1 17. Nf3 Qd8 18. b3 Re8 19. g4 Ne5 (19... Bc5 $15) 20. Nxe5 $11 Rxe5 21. Bg2 Bc5 22. f6 (22. Nf4 $11) 22... c6 23. Ne7+ Rxe7 24. fxe7 Qxe7 25. e5 (25. c3 $11) 25... dxe5 (25... d5 $17) 26. Be4 Bd4 27. h3 Be6 28. c4 (28. Rd3 $11 {keeps the balance.}) 28... Qb4 {Threatens to win with ...b5.} 29. Qd2 Qb6 {And now ...Bxc4 would win.} 30. Qc2 {[#]} (30. Qd3 $1 $15) 30... Qb4 (30... Ra4 $1 $17 {[%cal Ra4c4]} 31. Bd3 f6) 31. Rhf1 ({Better is} 31. Qd2 $11 Qb6 32. Qc2) 31... Ra5 (31... Bd7 $15) 32. Bh7+ Kf8 $1 33. Bf5 $36 {[%mdl 2048] Black is under pressure.} Bxf5 (33... Qe7 $11 {remains equal.}) 34. Qxf5 $16 {[%csl Gf1][%cal Rf5f7]} f6 35. Qd3 (35. Qc8+ $16 Kf7 36. Rd3) 35... b5 36. cxb5 (36. Rc1 $5 {[%cal Rh3h4]}) 36... Rxb5 37. Rc1 c5 38. h4 {Black must now prevent g5.} Bb2 $2 {[%mdl 8192]} (38... Qa5 $14) 39. Rc4 Qa5 40. g5 hxg5 41. hxg5 Rb6 42. Qd8+ {[%mdl 64] Double Attack. White mates.} Kf7 43. gxf6 gxf6 44. Rxf6+ {Accuracy: White = 40%, Black = 23%.} (44. Qd7+ $142 Kf8 45. Rh4 Qe1+ 46. Rxe1 Kg8 47. Rg1+ Kf8 48. Rh8#) 1-0

[Event "Galatasaray Blitz Chess Tournament"]
[Site "Istanbul"]
[Date "2019.03.24"]
[Round "1.3"]
[White "Yurtseven, Melih"]
[Black "Aghamaliyev, Cemil"]
[Result "0-1"]
[WhiteElo "2390"]
[BlackElo "2493"]
[Annotator "TA"]
[PlyCount "60"]
[EventDate "2019.03.24"]
[EventType "swiss"]
[EventCountry "TUR"]
[SourceTitle "playchess.com"]
[Source "ChessBase"]
[SourceQuality "1"]

{[%evp 10,60,14,10,30,17,13,15,25,10,15,0,29,27,25,29,36,46,41,37,34,33,35,0,25,0,-8,-59,-58,-74,-45,-30,-28,-38,-33,-337,-103,-101,-110,-101,-109,-250,-250,-254,-254,-236,-244,-240,-248,-343,-319,-925,-926]} 1. e4 e5 2. Nf3 Nc6 3. Bc4 Bc5 4. d3 Nf6 5. O-O d6 6. a4 {[%cal Ba2a4,Ba4a5][%mdl 32]} a6 {C50: Hungarian Defence and Giuoco Pianissimo} 7. a5 (7. c3 h6 8. Re1 O-O 9. h3 Re8 10. Nbd2 Be6 11. Bxe6 Rxe6 12. b4 Ba7 13. Qc2 Qd7 14. Nf1 Ne7 15. Ng3 d5 16. exd5 Nfxd5 {½-½ (53) Le,Q (2715)-Jumabayev,R (2605) Batumi 2018}) 7... h6 8. c3 Ba7 {The position is equal.} 9. Re1 O-O 10. Be3 $146 ({Predecessor:} 10. h3 Kh8 11. Be3 Nh7 12. Bxa7 Rxa7 13. Nbd2 Ra8 {1-0 (33) Nozdrachev,V (2486)-Van Foreest,J (2614) St Petersburg 2018}) 10... Be6 11. Bxa7 Rxa7 12. Nbd2 Ra8 13. Bxe6 fxe6 14. Qb3 Qd7 15. d4 exd4 16. cxd4 Kh8 17. e5 Nd5 18. Nh4 (18. Re4 $11) 18... Qf7 $15 19. Qg3 Nce7 20. exd6 cxd6 {White must now prevent ...g5.} 21. Ne4 Rad8 22. Re2 $2 {[%mdl 8192] [#]} (22. h3 $15) 22... g5 $2 (22... Qh5 $19 {and Black stays clearly on top.} 23. Nf3 Nf5) 23. Nf3 $17 Nf5 $36 {[%mdl 2048] Black is in control.} 24. Qg4 Rg8 {Strongly threatening ...Qh7.} 25. Nexg5 (25. g3 $17 {was called for.}) 25... hxg5 $19 ({Don't take} 25... Rxg5 26. Nxg5 hxg5 27. Rae1 $17) 26. Nxg5 {[#]} Rxg5 $1 {[%mdl 576] Clearance} 27. Qxg5 Rg8 28. Qc1 Qg6 {[%csl Gg8][%cal Rg6g2][%mdl 1024] Black has strong compensation.} ({Weaker is} 28... Nxd4 29. Qh6+ Qh7 30. Qxh7+ Kxh7 31. Re4 $15) 29. g3 Nxd4 30. Re4 $2 (30. Qd1 Nxe2+ 31. Qxe2) 30... Qxe4 {Accuracy: White = 26%, Black = 49%.} 0-1

[Event "Galatasaray Blitz Chess Tournament"]
[Site "Istanbul"]
[Date "2019.03.24"]
[Round "1.4"]
[White "Yilmazyerli, Mert"]
[Black "Dastan, Muhammed Batuhan"]
[Result "1/2-1/2"]
[WhiteElo "2425"]
[BlackElo "2561"]
[Annotator "TA"]
[PlyCount "52"]
[EventDate "2019.03.24"]
[EventType "swiss"]
[EventCountry "TUR"]
[SourceTitle "playchess.com"]
[Source "ChessBase"]
[SourceQuality "1"]

{[%evp 13,52,7,11,0,22,16,20,0,0,0,21,14,67,29,35,14,16,16,16,16,17,8,36,35,46,36,20,0,0,0,0,0,0,0,0,0,0,0,0,0,0]} 1. Nf3 d5 2. g3 c6 3. Bg2 {[%cal Bf1g2,Bg2f3,Bf3e4][%mdl 32]} Bg4 4. c4 e6 5. cxd5 Bxf3 6. Bxf3 {A11: English Opening: 1...c6} cxd5 7. Nc3 (7. O-O Nf6 8. d4 Nc6 9. Nc3 Be7 10. b3 O-O 11. Bb2 a6 12. e3 Qa5 13. a3 Rfc8 14. Qe2 b5 15. Rfc1 Qb6 16. Qd1 Rc7 17. Ne2 {½-½ (44) Duda,J (2717)-Ni,H (2671) Riadh 2017}) 7... Nc6 {LiveBook: 17 Games} 8. d4 Nge7 {[%cal Bg8e7,Be7f5,Bf5d4][%mdl 32]} 9. O-O Nf5 10. e4 dxe4 11. Bxe4 Nfxd4 $146 ({Predecessor:} 11... Qxd4 12. Qf3 Qc5 13. Rd1 Nfd4 14. Qf4 e5 15. Qh4 f5 {0-1 (42) Schwenk,H (2165)-Pezo,E (2265) ICCF email 2009}) 12. Be3 Be7 ({Black should try} 12... Qd7 $11) 13. Qa4 {[#] Black must now prevent Bxd4.} (13. Bxd4 $5 Nxd4 14. Qa4+ Nc6 15. Bxc6+ bxc6 16. Qxc6+ Kf8 17. Rad1 $16) 13... O-O 14. Rfd1 {Threatens to win with Bxc6.} (14. Rad1 {is more complex.} e5 15. f4 Qb6 16. Rf2 Qb4 17. Qxb4 Bxb4 18. fxe5 Rfd8 19. Bxd4 Rxd4 20. Rxd4 Nxd4 21. Bxb7 Rd8 22. Ne4) 14... e5 15. Bxc6 bxc6 16. Bxd4 exd4 17. Qxd4 Qxd4 18. Rxd4 Rab8 19. Na4 Bf6 20. Rc4 {The position is equal.} Bxb2 21. Nxb2 Rxb2 22. Rxc6 $11 {KRR-KRR} Rd8 23. Ra6 h6 24. Rxa7 Rdd2 25. Rf1 Rxa2 26. Rxa2 Rxa2 {Precision: White = 36%, Black = 36%.} 1/2-1/2

[Event "Galatasaray Blitz Chess Tournament"]
[Site "Istanbul"]
[Date "2019.03.24"]
[Round "1.5"]
[White "Arat, Ufuk Sezen"]
[Black "Ozer, Omer Faruk"]
[Result "0-1"]
[WhiteElo "2368"]
[BlackElo "2369"]
[Annotator "TA"]
[PlyCount "79"]
[EventDate "2019.03.24"]
[EventType "swiss"]
[EventCountry "TUR"]
[SourceTitle "playchess.com"]
[Source "ChessBase"]
[SourceQuality "1"]

{[%evp 15,79,0,1,-8,0,11,0,-2,7,5,8,0,0,0,0,-62,-57,-57,-46,-36,-43,-47,-45,-44,-47,-58,-48,-47,-45,-63,-53,-78,-60,-62,-59,-56,-50,-66,-56,-66,-18,-42,-31,-80,-70,-94,68,72,72,73,72,72,98,0,0,0,0,0,0,0,0,0,0,0,0,0]} 1. d4 Nf6 2. Nf3 b6 3. g3 Bb7 4. Bg2 g6 5. c4 Bg7 6. O-O O-O 7. Re1 e6 8. Nbd2 d5 9. b3 {D02: 1 d4 d5 2 Nf3 sidelines, including 2...Nf6 3 g3 and 2...Nf6 3 Bf4} Nbd7 10. Bb2 Ne4 (10... c5 11. cxd5 Nxd5 12. Nc4 cxd4 13. Bxd4 Nc5 14. Bxg7 Kxg7 {½-½ (38) Vakhidov,J (2519)-Faizulaev,A (2391) Tashkent 2017}) 11. Rc1 $146 ({Predecessor:} 11. e3 f5 12. Rc1 c5 13. Rc2 Qe7 14. Qa1 Rac8 {½-½ (38) Tuertmann,D (1819)-Gerhardt,P (1953) Eckernfoerde 2010}) 11... Rc8 12. Ne5 c5 13. Nxe4 dxe4 14. Nxd7 Qxd7 15. Qc2 (15. e3 $11) 15... cxd4 $15 {[#] Threatens to win with ...d3.} 16. Bxe4 Rfd8 17. Bxb7 Qxb7 18. Qd3 e5 19. e4 a6 20. Rc2 Bf8 21. f4 f6 22. fxe5 fxe5 23. Rf2 Bh6 24. Bc1 Bxc1 25. Rxc1 Rf8 26. Rcf1 Qe7 27. Qd2 a5 28. Kg2 Kg7 29. Qc1 h6 30. a3 b5 $2 (30... Rxf2+ $17 31. Rxf2 {[#]} b5 $1 {[%mdl 512]}) 31. Rxf8 $14 Rxf8 32. Rxf8 Qxf8 33. cxb5 {[%mdl 4096] Endgame KQ-KQ} Qd6 34. Qc6 (34. Kf1 $16) 34... Qxa3 $11 {The position is equal.} 35. b6 Qb2+ ({Not} 35... Qxb3 $2 36. Qc7+ Kf6 37. Qd6+ Kf7 38. Qd5+ Qxd5 39. exd5 $18) 36. Kh3 Qe2 37. Qc7+ Kf6 $1 38. Qd6+ Kf7 39. Qd7+ Kf6 {( -> ...Qf1+)} 40. Qd6+ {[%mdl 32768] Accuracy: White = 45%, Black = 51%. . Loss on time!?} 0-1

[Event "Galatasaray Blitz Chess Tournament"]
[Site "Istanbul"]
[Date "2019.03.24"]
[Round "2.1"]
[White "Gokerkan, Cem Kaan"]
[Black "Ozer, Omer Faruk"]
[Result "1-0"]
[WhiteElo "2419"]
[BlackElo "2369"]
[Annotator "TA"]
[PlyCount "61"]
[EventDate "2019.03.24"]
[EventType "swiss"]
[EventCountry "TUR"]
[SourceTitle "playchess.com"]
[Source "ChessBase"]
[SourceQuality "1"]

{[%evp 19,61,-33,-17,-25,-25,-25,-6,-52,-37,-59,-50,-45,-41,-102,-99,-93,-20,-29,-14,-22,-18,-35,-11,-39,-37,-39,0,-4,-1,-12,77,79,107,108,105,106,121,108,101,54,56,56,727,704]} 1. e4 c5 2. Nf3 e6 3. d4 cxd4 4. Nxd4 Nc6 5. Nc3 Nf6 6. Be3 Bb4 7. Bd3 d5 8. O-O Bxc3 {B45: Sicilian Four Knights} 9. bxc3 dxe4 10. Bb5 Bd7 {LiveBook: 3 Games. Black is slightly better.} 11. Bxc6 Bxc6 12. Nxc6 bxc6 13. Bc5 Qd5 14. Ba3 c5 (14... O-O-O 15. Qe2 Qb5 16. Qe3 {1-0 (31) Grekh,A (2355)-Ismagambetov,A (2479) Pardubice 2007}) 15. Qxd5 $146 ({Predecessor:} 15. Qe2 O-O 16. c4 {0-1 (28) Heimrath,W (2160)-Klundt,K (2335) Bayern 1998}) 15... Nxd5 16. Bxc5 ({White should try} 16. Rfe1 $15) 16... Nxc3 $17 17. Rfe1 f5 ({Black should play} 17... Rc8 $17 18. Bxa7 Rc4) 18. Bd4 $11 Nd5 19. Bxg7 Rg8 20. Be5 Rc8 21. Rec1 (21. c3 $5) 21... Nb6 22. Bd4 Kd7 23. Rab1 Rc6 24. a4 Nxa4 (24... Rgc8 $11 {remains equal.}) 25. Rb7+ $16 Rc7 26. Rxc7+ Kxc7 27. Ra1 Nb6 28. Rxa7+ Kc6 {[#] Hoping for ...Rd8.} 29. Ra6 Rb8 30. c4 {And now c5 would win.} Kc7 $2 {[%mdl 8192]} (30... e5 $14 31. Bxe5 Rd8) 31. Be5+ {Precision: White = 36%, Black = 38%.} 1-0

[Event "Galatasaray Blitz Chess Tournament"]
[Site "Istanbul"]
[Date "2019.03.24"]
[Round "2.2"]
[White "Dastan, Muhammed Batuhan"]
[Black "Arat, Ufuk Sezen"]
[Result "1/2-1/2"]
[WhiteElo "2561"]
[BlackElo "2368"]
[Annotator "TA"]
[PlyCount "158"]
[EventDate "2019.03.24"]
[EventType "swiss"]
[EventCountry "TUR"]
[SourceTitle "playchess.com"]
[Source "ChessBase"]
[SourceQuality "1"]

{[%evp 9,158,0,105,99,90,92,83,72,85,92,92,92,133,66,152,66,168,48,47,41,60,56,60,39,156,158,162,162,163,169,167,128,250,257,243,237,225,225,226,218,301,342,362,371,358,369,370,357,364,362,335,331,320,318,462,473,425,122,291,279,277,277,483,498,388,425,366,4,8,8,8,8,8,8,11,20,8,0,0,0,0,0,0,0,0,0,0,0,0,0,0,-8,8,8,8,-8,-8,-8,-8,-8,-8,-31,-8,-8,-8,-10,-10,-10,0,0,0,0,0,0,0,0,0,-43,-14,-14,-19,-20,-23,-34,-33,-32,0,0,5057,0,0,0,0,0,0,0,0,-53,8,8,8,8,8,8,8,8,8,8,8,8,8]} 1. e4 c6 2. d4 d5 3. e5 c5 4. dxc5 Nc6 5. Bb5 Bf5 (5... e6 $11 {remains equal.}) (5... e6 6. Be3 Nge7 7. c3 Bd7 8. Bxc6 Nxc6 9. f4 Qc7 10. Nf3 Na5 11. b4 Nc4 12. Bd4 b6 13. cxb6 axb6 14. O-O Be7 15. Nfd2 O-O 16. Nxc4 dxc4 {½-½ (44) Jakovenko,D (2752)-Granda Zuniga,J (2641) Porto Carras 2018}) 6. Be3 {B12: Caro-Kann: Advance Variation} e6 7. c3 Nge7 8. Nd2 $146 {White is better.} ({Predecessor:} 8. Ne2 Bxb1 9. Rxb1 Nf5 10. Qd2 Qc7 11. Bd4 Be7 12. Ng3 Nfxd4 13. cxd4 {½-½ (28) Wei,M (1932)-Nguyen,G (2098) Canberra 2004}) 8... a6 9. Ba4 Ng6 10. Ngf3 Bd3 11. h4 (11. Nd4 $16 Rc8 12. N2f3) 11... Qc7 (11... h5 $14) 12. Nb3 (12. h5 $1 $16 {[%cal Rh5g6]} Nge7 13. Nb3) 12... Be4 (12... Bb5 $1 $14 13. Bxb5 axb5) 13. Nbd4 (13. Nfd4 $1 $18) 13... Bxf3 $14 14. Nxf3 Ngxe5 15. Nxe5 Qxe5 16. Qd4 O-O-O ({Better is} 16... Kd8 $14 17. Qxe5 Nxe5) 17. Bxc6 $1 $16 Qxd4 {[#]} 18. Bxb7+ $1 {[%mdl 512]} Kxb7 19. cxd4 ({And not} 19. Bxd4 e5 $11) 19... Kc6 20. Kd2 f6 (20... Rb8 $16 21. Kc3 a5) 21. b4 $18 e5 22. a4 Rb8 23. Rhb1 Be7 24. Kc3 Rb7 {[#]} 25. b5+ $1 {[%mdl 512]} axb5 26. axb5+ Rxb5 27. Ra6+ Kb7 28. Rxb5+ Kxa6 {[%mdl 4096] Endgame KRB-KRB} 29. Rb6+ Ka7 30. Re6 Bd8 31. Kb4 (31. dxe5 fxe5 32. Kd3 (32. Rxe5 Bf6 $15) 32... Bf6 $16) 31... Bc7 (31... Kb7 {was worth a try.} 32. c6+ (32. dxe5 fxe5 33. Rxe5 Bxh4 $18) 32... Kc8) 32. Re7 {[%mdl 64] Double Attack} Rb8+ 33. Kc3 $2 (33. Ka4 $1 $18 {is the precise move to win.}) 33... Kb7 $2 (33... Rb7 $16 34. Re6 Ba5+ 35. Kc2 exd4 36. Bxd4 Kb8) 34. Rxg7 Kc6 35. Rxh7 Ra8 $2 (35... Ba5+ 36. Kc2 Rb4) 36. Rf7 exd4+ 37. Bxd4 Be5 38. Re7 $2 (38. h5 $18) 38... Ra3+ 39. Kb4 Bxd4 $11 {[%csl Gc6][%cal Rd4c5] KRB-KR} 40. Re6+ Kd7 41. Rd6+ {[%mdl 64] Double Attack} Ke7 42. Rxd5 Bb2 43. c6 Ra1 44. Kb5 Be5 45. g3 Ra2 46. f4 Bd6 47. Rd3 Rb2+ 48. Ka6 f5 49. h5 Rh2 50. Re3+ Kf6 51. Kb7 Rxh5 52. Rd3 Rh7+ 53. Kb6 $132 {[%mdl 2048] White has counterplay} Bc7+ 54. Kc5 Re7 55. Kd5 Re8 {Threatens to win with ...Rd8+.} 56. Kc5 Ke6 57. Rd7 Rc8 58. Rd1 Ba5 59. Ra1 Bc7 (59... Bd2 $5 60. Ra3 $8 Ke7 $11) 60. Re1+ Kf6 61. Rd1 Ke6 62. Re1+ Kf6 63. Re2 Ra8 {With the idea ...Ra3.} 64. Rd2 Ra5+ 65. Kb4 Ra6 66. Kb5 Rb6+ 67. Kc5 {aiming for Rd7.} Ra6 68. Rd7 (68. Kb5 $5 {[%cal Rb5a6]} Rb6+ 69. Kc5 $17) 68... Ra7 $2 {[%mdl 8192] [#]} (68... Ra5+ $11 69. Kb4 Ra7) 69. Kd5 $2 (69. Rxc7 $1 $18 {[%mdl 512]} Rxc7 70. Kb6) 69... Ra5+ 70. Kc4 Ra7 71. Kd5 $1 Ra5+ 72. Kc4 Bb6 {And now ...Rc5+ would win.} 73. c7 (73. Kb4 $11) 73... Bxc7 (73... Rc5+ $15 74. Kb4 Ke6) 74. Rxc7 $15 {KR-KR. The position is equal.} Ra3 75. Rc6+ Kg7 76. Kd5 Rxg3 77. Ke5 Rg6 78. Rc7+ Kf8 79. Kxf5 Ra6 {Accuracy: White = 55%, Black = 50%.} 1/2-1/2

[Event "Galatasaray Blitz Chess Tournament"]
[Site "Istanbul"]
[Date "2019.03.24"]
[Round "2.3"]
[White "Aghamaliyev, Cemil"]
[Black "Yilmazyerli, Mert"]
[Result "1/2-1/2"]
[WhiteElo "2493"]
[BlackElo "2425"]
[Annotator "TA"]
[PlyCount "51"]
[EventDate "2019.03.24"]
[EventType "swiss"]
[EventCountry "TUR"]
[SourceTitle "playchess.com"]
[Source "ChessBase"]
[SourceQuality "1"]

{[%evp 12,51,58,39,43,27,25,24,25,20,25,24,28,-2,1,0,0,-14,-9,-31,-8,-13,-18,-6,12,12,55,54,52,33,40,37,87,70,84,84,97,58,51,33,83,40]} 1. e4 g6 2. d4 Bg7 3. Nc3 d6 4. f4 a6 5. Nf3 b5 6. Bd3 Nd7 7. e5 c5 {B06: Modern Defence} 8. Be3 {next Be4 is good for White.} Bb7 (8... Nh6 9. Be4 Rb8 10. dxc5 dxc5 11. h3 Bb7 12. Bxb7 Rxb7 13. g4 Qc8 {0-1 (39) Hou,Y (2658)-Nakamura,H (2777) chess.com INT 2018}) 9. Be4 Bxe4 {White has an edge.} 10. Nxe4 Nh6 $1 11. c3 {[%cal Rd4c5]} cxd4 12. cxd4 ({But not} 12. Nxd4 dxe5 13. fxe5 Nxe5 $15) 12... O-O 13. O-O Nb6 14. Kh1 Rc8 15. Rc1 $146 ({Predecessor:} 15. Qe2 Qd7 16. Rad1 {0-1 (97) Salaun,Y (2391)-Chatalbashev,B (2499) France 2001}) 15... Rxc1 16. Bxc1 Qd7 17. h3 Nf5 18. g4 $36 {[%mdl 2048] Black is under pressure.} Qb7 19. Re1 Nh6 $1 20. Qe2 Qc6 21. Ng3 f5 22. exf6 $1 exf6 {[#]} 23. f5 $1 Nf7 24. fxg6 hxg6 25. Kh2 Qc4 26. Qxc4 {Accuracy: White = 53%, Black = 57%.} 1/2-1/2

[Event "Galatasaray Blitz Chess Tournament"]
[Site "Istanbul"]
[Date "2019.03.24"]
[Round "2.4"]
[White "Ozturk, Kubra"]
[Black "Yurtseven, Melih"]
[Result "1-0"]
[WhiteElo "2344"]
[BlackElo "2390"]
[Annotator "TA"]
[PlyCount "85"]
[EventDate "2019.03.24"]
[EventType "swiss"]
[EventCountry "TUR"]
[SourceTitle "playchess.com"]
[Source "ChessBase"]
[SourceQuality "1"]

{[%evp 27,85,0,33,-70,-66,-63,-64,-60,-37,-57,-57,-66,0,0,8,8,8,12,12,8,58,53,58,0,8,7,2,2,2,2,9,7,6,0,0,0,0,0,0,0,0,0,0,0,0,0,0,0,0,0,0,-8,37,8,28,8,68,75,29980,29981]} 1. d4 Nf6 2. c4 c5 3. d5 e6 4. Nc3 exd5 5. cxd5 d6 6. e4 g6 7. Nf3 a6 8. a4 Bg4 9. h3 Bxf3 10. Qxf3 Bg7 {A70: Modern Benoni: 6 e4 g6 7 Nf3} 11. Bf4 O-O 12. Be2 Qe7 13. O-O Nbd7 14. Rfe1 Rfe8 {LiveBook: 3 Games} 15. Qg3 $146 (15. Qe3 $14) ({Predecessor:} 15. Bf1 Nh5 16. Bh2 Ne5 17. Qe3 f5 18. exf5 gxf5 19. Qe2 Qh4 {½-½ (19) Kislik,E (2319)-Sax,G (2525) Kecskemet 2011}) 15... Nxe4 $15 16. Nxe4 Qxe4 17. Bxd6 Qxd5 18. Rad1 Qa2 19. Qf3 Qxb2 (19... Bxb2 $15 20. Qxb7 Bd4) 20. Bc4 $11 Ne5 21. Bxe5 Rxe5 22. Qxf7+ Kh8 {Threatens to win with ...Rf8.} 23. Rxe5 Qxe5 24. Qxb7 Rf8 25. Qd5 ({White should try} 25. Qxa6 $14 Qf4 26. Rf1) 25... Qxd5 (25... Qe8 {keeps more tension.} 26. Bxa6 Qxa4 27. Bc4 Qb4 28. Kh1 Qb6) 26. Rxd5 {[%mdl 4096] Endgame KRB-KRB} Bd4 27. Bxa6 Bxf2+ 28. Kh2 h5 29. g3 Bd4 30. Bd3 Rf2+ 31. Kh1 Rf3 32. Bxg6 Rxg3 33. Rxh5+ Kg7 34. Be4 Re3 35. Rh4 Kf6 36. Kg2 Re2+ 37. Kf3 Rf2+ 38. Kg3 Ra2 {[#] Hoping for ...Bf2+.} 39. Rh6+ Kg5 40. Rg6+ Kh5 41. Ra6 Ra3+ (41... Be5+ $1 $11 42. Kf3 Ra3+ 43. Ke2 Rxh3) 42. Kf4 $14 {aiming for Bf3+.} c4 $2 {[%mdl 8192] [#]} (42... Be3+ $16 43. Ke5 Kh4) 43. Bf3+ {Precision: White = 50%, Black = 44%.} 1-0